[Event "Bucaramanga Santander Cup"]
[Site "Bucaramanga"]
[Date "2022.07.20"]
[Round "1"]
[White "Arciniegas Castro, Santiago"]
[Black "Pilonieta Diaz, Edgar Mauricio"]
[Result "1-0"]
[WhiteElo "1935"]
[BlackElo "1600"]
[PlyCount "53"]
[EventDate "2022.07.20"]
[EventType "swiss"]
[EventRounds "8"]
[EventCountry "COL"]
[SourceTitle "EXT 2023"]
[Source "ChessBase"]
[SourceDate "2022.10.05"]
[SourceVersion "1"]
[SourceVersionDate "2022.10.05"]
[SourceQuality "1"]

1. e4 e5 2. Nf3 Nc6 3. d4 exd4 4. Nxd4 Bc5 5. Nxc6 bxc6 6. Bd3 a5 7. Qe2 Ne7 8. 0-0 Ng6 9. Kh1 Ne5 10. f4 Nxd3 11. cxd3 0-0 12. Be3 Bb6 13. Nc3 Re8 14. Qf2 d5 15. Bc5 Ba6 16. Rfd1 d4 17. Na4 Bb5 18. Nxb6 cxb6 19. Bxd4 c5 20. Bc3 Bxd3 21. Qg3 f6 22. Rxd3 Qc7 23. e5 f5 24. Rad1 Rad8 25. e6 Rxd3 26. Rxd3 Rxe6 27. Rd8+ 1-0

[Event "Bucaramanga Santander Cup"]
[Site "Bucaramanga"]
[Date "2022.07.20"]
[Round "2"]
[White "Rosales Espinel, Julio David"]
[Black "Arciniegas Castro, Santiago"]
[Result "0-1"]
[WhiteElo "1289"]
[BlackElo "1935"]
[PlyCount "62"]
[EventDate "2022.07.20"]
[EventType "swiss"]
[EventRounds "8"]
[EventCountry "COL"]
[SourceTitle "EXT 2023"]
[Source "ChessBase"]
[SourceDate "2022.10.05"]
[SourceVersion "1"]
[SourceVersionDate "2022.10.05"]
[SourceQuality "1"]

1. e4 e6 2. d3 d5 3. Qe2 Be7 4. Nf3 Nf6 5. g3 c5 6. e5 Nfd7 7. Bg2 Nc6 8. c3 b5 9. 0-0 h6 10. a4 b4 11. cxb4 Nxb4 12. Na3 Ba6 13. Nb5 Qa5 14. Bd2 Bxb5 15. axb5 Qxb5 16. Bxb4 Qxb4 17. Qc2 a5 18. Ra4 Qb5 19. Rb1 0-0 20. h4 Rfb8 21. h5 Qb3 22. Qxb3 Rxb3 23. Ra3 Rb7 24. Rba1 Bd8 25. R3a2 Rab8 26. Rb1 Bc7 27. d4 c4 28. Nd2 c3 29. Nc4 Rb4 30. Nxa5 Rxb2 31. Rbxb2 cxb2 0-1

[Event "Bogota Bonita op"]
[Site "Bogota"]
[Date "2019.09.29"]
[Round "6"]
[White "Arciniegas Castro, Santiago"]
[Black "Campos Gomez, Manuel"]
[Result "1-0"]
[WhiteElo "1854"]
[BlackElo "1950"]
[PlyCount "105"]
[EventDate "2019.09.26"]
[EventType "swiss"]
[EventRounds "7"]
[EventCountry "COL"]
[SourceTitle "EXT 2020"]
[Source "ChessBase"]
[SourceDate "2019.10.17"]
[SourceVersion "1"]
[SourceVersionDate "2019.10.17"]
[SourceQuality "1"]

1. e4 c5 2. Nf3 e6 3. b3 Nc6 4. Bb2 d6 5. d4 cxd4 6. Nxd4 e5 7. Nxc6 bxc6 8. c4 Nf6 9. Nc3 Be7 10. g3 h5 11. h4 Be6 12. Bg2 Ng4 13. Qd3 Qb6 14. Nd1 Rd8 15. f3 Nh6 16. Ne3 0-0 17. 0-0-0 a5 18. g4 hxg4 19. fxg4 Bxg4 20. Rdg1 a4 21. Bh3 Bxh3 22. Rxh3 axb3 23. axb3 Rb8 24. Rhg3 Qxb3 25. Qxb3 Rxb3 26. Nf5 Nxf5 27. Rxb3 Nxh4 28. Rb7 Bf6 29. Rd1 Rd8 30. c5 d5 31. exd5 cxd5 32. c6 Rd6 33. c7 Rc6+ 34. Kb1 Rxc7 35. Rxc7 d4 36. Kc2 Nf5 37. Kd3 Ng3 38. Re1 Nh5 39. Bc1 g6 40. Rf1 Kg7 41. Rf3 Kg8 42. Ke4 Kg7 43. Rb7 Kg8 44. Bh6 Kh7 45. Rxf7+ Kxh6 46. R7xf6 Kg5 47. Rf7 d3 48. Rxd3 Kh6 49. Kxe5 Kg5 50. Rh3 Nf4 51. Rg3+ Kh4 52. Kxf4 g5+ 53. Rxg5 1-0

[Event "Bogota Bonita op"]
[Site "Bogota"]
[Date "2019.09.28"]
[Round "4"]
[White "Arciniegas Castro, Santiago"]
[Black "Torres Duarte, Miguel Angel"]
[Result "1/2-1/2"]
[WhiteElo "1854"]
[BlackElo "1356"]
[PlyCount "31"]
[EventDate "2019.09.26"]
[EventType "swiss"]
[EventRounds "7"]
[EventCountry "COL"]
[SourceTitle "EXT 2020"]
[Source "ChessBase"]
[SourceDate "2019.10.17"]
[SourceVersion "1"]
[SourceVersionDate "2019.10.17"]
[SourceQuality "1"]

1. e4 e5 2. Nf3 Nc6 3. Bb5 Nf6 4. d3 Bc5 5. c3 Qe7 6. 0-0 0-0 7. Bg5 a6 8. Ba4 b5 9. Bc2 Bb6 10. a4 Bb7 11. Na3 Na7 12. d4 exd4 13. e5 Bxf3 14. Qd3 Qxe5 15. Bxf6 Qh5 16. gxf3 1/2-1/2

[Event "COL-ch U2000"]
[Site "Moniquira"]
[Date "2019.07.22"]
[Round "7"]
[White "Leal Cortes, Diego Fernando"]
[Black "Arciniegas Castro, Santiago"]
[Result "1/2-1/2"]
[WhiteElo "1862"]
[BlackElo "1850"]
[PlyCount "53"]
[EventDate "2018.07.19"]
[EventType "swiss"]
[EventRounds "7"]
[EventCountry "COL"]
[SourceTitle "EXT 2021"]
[Source "ChessBase"]
[SourceDate "2020.10.23"]
[SourceVersion "1"]
[SourceVersionDate "2020.10.23"]
[SourceQuality "1"]

1. e4 e6 2. d4 d5 3. Nd2 Nf6 4. e5 Nfd7 5. Bd3 c5 6. c3 Nc6 7. Ndf3 cxd4 8. cxd4 f6 9. exf6 Nxf6 10. Ne2 Bd6 11. 0-0 Qc7 12. Nc3 a6 13. Re1 0-0 14. Bg5 Bd7 15. Rc1 Rae8 16. Bb1 Qb8 17. a3 Rf7 18. Rc2 Ref8 19. Rce2 Ng4 20. h3 Rxf3 21. gxf3 Nh2 22. Re3 h6 23. Bh4 g5 24. Qd3 Rf5 25. Qd1 Rf7 26. Qd3 gxh4 27. Kh1 1/2-1/2

[Event "COL-ch U2000"]
[Site "Moniquira"]
[Date "2019.07.19"]
[Round "1"]
[White "Ramirez, Francisco Javier"]
[Black "Arciniegas Castro, Santiago"]
[Result "1/2-1/2"]
[WhiteElo "1948"]
[BlackElo "1850"]
[PlyCount "94"]
[EventDate "2018.07.19"]
[EventType "swiss"]
[EventRounds "7"]
[EventCountry "COL"]
[SourceTitle "EXT 2021"]
[Source "ChessBase"]
[SourceDate "2020.10.23"]
[SourceVersion "1"]
[SourceVersionDate "2020.10.23"]
[SourceQuality "1"]

1. e4 e6 2. d3 d5 3. Nc3 c5 4. Nf3 Nf6 5. Bg5 Be7 6. Qe2 0-0 7. a3 Nc6 8. g3 d4 9. Nb1 e5 10. h3 Be6 11. Bg2 Nd7 12. Bxe7 Qxe7 13. 0-0 b5 14. Nbd2 Nb6 15. Kh2 f6 16. Ng1 c4 17. f4 cxd3 18. cxd3 Rfc8 19. Rfc1 Na4 20. Rc2 Na5 21. Rxc8+ Rxc8 22. fxe5 fxe5 23. b4 Nb3 24. Nxb3 Bxb3 25. Rf1 Rc3 26. Nf3 Rc2 27. Qe1 Nc3 28. Rf2 Rxf2 29. Qxf2 Nd1 30. Qd2 Ne3 31. Qb2 Bc2 32. Ne1 Qc7 33. Qa2+ Qf7 34. Qxf7+ Kxf7 35. h4 Bd1 36. Bh3 Ke7 37. Kg1 Kd6 38. Kf2 h6 39. Bf1 Ng4+ 40. Kg1 g5 41. hxg5 hxg5 42. Bh3 Ne3 43. Bf1 Ke6 44. Kf2 Ng4+ 45. Kg1 Ne3 46. Kf2 Ng4+ 47. Kg1 Ne3 1/2-1/2

[Event "COL-ch U16"]
[Site "Cali"]
[Date "2019.06.23"]
[Round "7.5"]
[White "Arciniegas Castro, Santiago"]
[Black "Hincapie Uribe, Eduardo"]
[Result "1-0"]
[WhiteElo "1881"]
[BlackElo "1492"]
[PlyCount "63"]
[EventDate "2019.06.19"]
[EventType "tourn"]
[EventRounds "9"]
[EventCountry "COL"]
[SourceTitle "CBM 191 Extra"]
[Source "ChessBase"]
[SourceDate "2019.09.30"]
[SourceVersion "1"]
[SourceVersionDate "2019.09.30"]
[SourceQuality "1"]

1. e4 e6 2. d4 d5 3. e5 c5 4. c3 Nc6 5. Nf3 Qb6 6. a3 a5 7. Bd3 Bd7 8. Bc2 Rc8 9. 0-0 c4 10. Ng5 Nh6 11. f4 Ne7 12. g4 g6 13. Nd2 Bg7 14. Nh3 0-0 15. Rf2 Qa6 16. Nf1 b5 17. Ng3 Rb8 18. Kh1 Qc6 19. Ng1 b4 20. h3 bxc3 21. bxc3 Rb6 22. f5 exf5 23. g5 f4 24. gxh6 fxg3 25. hxg7 gxf2 26. gxf8Q+ Kxf8 27. Nf3 Bxh3 28. Nh2 Qe6 29. Qf3 f1Q+ 30. Nxf1 Bxf1 31. Bh6+ Kg8 32. Rxf1 1-0

[Event "COL-ch U16"]
[Site "Cali"]
[Date "2019.06.20"]
[Round "2.3"]
[White "Arciniegas Castro, Santiago"]
[Black "Tobar Beltran, Jorge Esteban"]
[Result "1/2-1/2"]
[WhiteElo "1881"]
[BlackElo "1683"]
[PlyCount "36"]
[EventDate "2019.06.19"]
[EventType "tourn"]
[EventRounds "9"]
[EventCountry "COL"]
[SourceTitle "CBM 191 Extra"]
[Source "ChessBase"]
[SourceDate "2019.09.30"]
[SourceVersion "1"]
[SourceVersionDate "2019.09.30"]
[SourceQuality "1"]

1. d4 f5 2. Bf4 Nf6 3. e3 e6 4. c4 Bb4+ 5. Nc3 0-0 6. Bd3 d6 7. Nge2 Nbd7 8. a3 Bxc3+ 9. Nxc3 e5 10. dxe5 dxe5 11. Bg3 e4 12. Be2 c6 13. Qd6 Nb6 14. 0-0-0 Qxd6 15. Rxd6 Ne8 16. Rd4 Be6 17. b3 Nf6 18. Rhd1 Kf7 1/2-1/2

[Event "COL-ch Superate Intercol U18"]
[Site "Barranquilla"]
[Date "2018.11.28"]
[Round "1.4"]
[White "Arciniegas Castro, Santiago"]
[Black "Cuevas Sanchez, Bramdon Daniel"]
[Result "0-1"]
[WhiteElo "1402"]
[BlackElo "1815"]
[PlyCount "71"]
[EventDate "2018.11.28"]
[EventType "swiss (blitz)"]
[EventRounds "12"]
[EventCountry "COL"]
[SourceTitle "EXT 2024"]
[Source "ChessBase"]
[SourceDate "2023.10.10"]
[SourceVersion "1"]
[SourceVersionDate "2023.10.10"]
[SourceQuality "1"]

1. d4 Nf6 2. Bf4 g6 3. e3 Bg7 4. Nf3 0-0 5. Be2 d6 6. h3 b6 7. 0-0 Bb7 8. a4 a5 9. c3 Ne4 10. Nfd2 e5 11. Bh2 Qg5 12. Nxe4 Bxe4 13. Bf3 Bxf3 14. Qxf3 Nd7 15. Qc6 Qd8 16. Na3 Rc8 17. Nb5 Nb8 18. Qc4 c6 19. Na3 Nd7 20. Rad1 Qe7 21. Qb3 Rb8 22. Nc4 b5 23. Nxa5 bxa4 24. Nxc6 Rxb3 25. Nxe7+ Kh8 26. Ra1 Nb6 27. Ra2 Ra8 28. Nc6 Nc4 29. Rfa1 Nxb2 30. dxe5 dxe5 31. Bxe5 Bxe5 32. Nxe5 a3 33. Nxf7+ Kg7 34. Nd6 Rxc3 35. Nb5 Rb3 36. Rxa3 0-1

[Event "COL-ch U18 rap"]
[Site "Barranquilla"]
[Date "2018.11.27"]
[Round "4"]
[White "Perea Erazo, Janyert Julian"]
[Black "Arciniegas Castro, Santiago"]
[Result "1/2-1/2"]
[WhiteElo "1590"]
[BlackElo "1389"]
[PlyCount "85"]
[EventDate "2018.11.27"]
[EventType "swiss (rapid)"]
[EventRounds "6"]
[EventCountry "COL"]
[SourceTitle "CBM 187 Extra"]
[Source "ChessBase"]
[SourceDate "2018.11.04"]
[SourceVersion "1"]
[SourceVersionDate "2018.11.04"]
[SourceQuality "1"]

1. e4 e6 2. d4 d5 3. Bd3 dxe4 4. Bxe4 Nf6 5. Bd3 c5 6. dxc5 Bxc5 7. Nf3 0-0 8. 0-0 Nbd7 9. Nc3 a6 10. Bg5 h6 11. Bh4 Qc7 12. Bg3 e5 13. Re1 Re8 14. Bf5 Bb4 15. Bxd7 Nxd7 16. Nd5 Qd6 17. Nxb4 Qxb4 18. b3 e4 19. c4 Nf6 20. Nd4 Bg4 21. Qc1 Rad8 22. Nc2 Qd2 23. Ne3 Bh5 24. Bh4 g5 25. Bg3 Qxc1 26. Raxc1 Rd2 27. a4 Ng4 28. h3 Nxe3 29. Rxe3 f5 30. f4 Red8 31. fxg5 hxg5 32. Be5 R8d3 33. Rc3 Rxe3 34. Rxe3 Bd1 35. g4 Rd3 36. Rxd3 exd3 37. gxf5 Bxb3 38. Bc3 Kf7 39. Kf2 d2 40. Bxd2 Kf6 41. a5 Bxc4 42. Kg3 Kxf5 43. Be3 1/2-1/2

[Event "COL-ch U18"]
[Site "Barranquilla"]
[Date "2018.11.26"]
[Round "6"]
[White "Arciniegas Castro, Santiago"]
[Black "Vargas Viscaino, Jesus Daniel"]
[Result "0-1"]
[WhiteElo "1883"]
[BlackElo "1421"]
[PlyCount "78"]
[EventDate "2018.11.24"]
[EventType "swiss"]
[EventRounds "7"]
[EventCountry "COL"]
[SourceTitle "CBM 187 Extra"]
[Source "ChessBase"]
[SourceDate "2018.11.04"]
[SourceVersion "1"]
[SourceVersionDate "2018.11.04"]
[SourceQuality "1"]

1. d4 Nf6 2. Bf4 g6 3. e3 Bg7 4. Nf3 0-0 5. Be2 d6 6. h3 Nbd7 7. 0-0 b6 8. c3 Bb7 9. a4 a5 10. Na3 Qe8 11. Bh2 e5 12. Nb5 Rc8 13. b4 Qe7 14. Qb3 Ne4 15. Rfd1 Kh8 16. Rac1 f5 17. c4 axb4 18. Qxb4 Rf7 19. a5 bxa5 20. Qxa5 c6 21. Qa7 Nf8 22. Nc3 Nxc3 23. Rxc3 exd4 24. Rb3 Ra8 25. Qb6 Ra6 26. Qb4 c5 27. Qd2 Ne6 28. Rdb1 Be4 29. Rb6 Rxb6 30. Rxb6 d5 31. Ne5 Rf8 32. f3 dxe3 33. Qd1 f4 34. fxe4 Bxe5 35. Qxd5 Nd4 36. Bg4 e2 37. Bxe2 Nxe2+ 38. Kf2 Rd8 39. Re6 Qh4+ 0-1

[Event "COL-ch U18"]
[Site "Barranquilla"]
[Date "2018.11.25"]
[Round "4"]
[White "Foronda Tovar, Carlos Andres"]
[Black "Arciniegas Castro, Santiago"]
[Result "0-1"]
[WhiteElo "1500"]
[BlackElo "1883"]
[PlyCount "54"]
[EventDate "2018.11.24"]
[EventType "swiss"]
[EventRounds "7"]
[EventCountry "COL"]
[SourceTitle "CBM 187 Extra"]
[Source "ChessBase"]
[SourceDate "2018.11.04"]
[SourceVersion "1"]
[SourceVersionDate "2018.11.04"]
[SourceQuality "1"]

1. d4 Nf6 2. c4 e6 3. Nf3 b6 4. e3 Bb7 5. Nbd2 c5 6. Bd3 d6 7. 0-0 Be7 8. b3 0-0 9. Bb2 Nbd7 10. Rc1 Rc8 11. Bb1 Qc7 12. Qc2 Rfd8 13. dxc5 Qxc5 14. Nd4 Qh5 15. f3 d5 16. e4 Bc5 17. Kh1 dxe4 18. Nxe4 Nxe4 19. fxe4 Nf6 20. e5 Ne4 21. Qd3 Bxd4 22. Bxd4 Rxd4 23. Qxd4 Ng3+ 24. Kg1 Ne2+ 25. Kh1 Nxd4 26. Rcd1 Qe2 27. Rg1 Bxg2+ 0-1

[Event "COL-ch"]
[Site "Bogota"]
[Date "2018.11.06"]
[Round "1"]
[White "Escobar Forero, Alder"]
[Black "Arciniegas Castro, Santiago"]
[Result "1-0"]
[WhiteElo "2468"]
[BlackElo "1883"]
[PlyCount "48"]
[EventDate "2018.11.06"]
[EventType "swiss"]
[EventRounds "9"]
[EventCountry "COL"]
[SourceTitle "CBM 187 Extra"]
[Source "ChessBase"]
[SourceDate "2018.11.04"]
[SourceVersion "1"]
[SourceVersionDate "2018.11.04"]
[SourceQuality "1"]

1. e4 c5 2. Nf3 d6 3. d4 cxd4 4. Nxd4 Nf6 5. f3 e6 6. c4 a6 7. Nc3 Nbd7 8. Be3 Qc7 9. Qd2 Be7 10. Be2 b6 11. 0-0 Bb7 12. Rfc1 Rc8 13. a4 0-0 14. a5 bxa5 15. Nb3 a4 16. Nxa4 Nc5 17. Na5 Bc6 18. Nc3 Nb7 19. Nd5 exd5 20. cxd5 Nxa5 21. Rxa5 Qd7 22. dxc6 Rxc6 23. Rxc6 Qxc6 24. Rxa6 Qxa6 1-0

[Event "COL-ch U16"]
[Site "Cartagena"]
[Date "2018.05.20"]
[Round "9"]
[White "Arciniegas Castro, Santiago"]
[Black "Florez Hernandez, Bairon"]
[Result "1-0"]
[WhiteElo "1894"]
[BlackElo "1395"]
[PlyCount "61"]
[EventDate "2018.05.15"]
[EventType "k.o."]
[EventRounds "9"]
[EventCountry "COL"]
[SourceTitle "CBM 184 Extra"]
[Source "ChessBase"]
[SourceDate "2018.06.28"]
[SourceVersion "1"]
[SourceVersionDate "2018.06.28"]
[SourceQuality "1"]

1. e4 e5 2. Nf3 Nc6 3. Nc3 Nf6 4. a3 Be7 5. d4 exd4 6. Nxd4 Nxd4 7. Qxd4 d6 8. f3 Be6 9. Be3 a6 10. g4 c5 11. Qd2 Nd7 12. 0-0-0 Ne5 13. Be2 Bc4 14. f4 Bxe2 15. Qxe2 Nc6 16. Bxc5 b6 17. Be3 Qb8 18. Qc4 Na5 19. Qa4+ Kf8 20. Nd5 Bd8 21. Qd4 Qc8 22. Qb4 Nc4 23. Bd4 a5 24. Qc3 b5 25. Bxg7+ Ke8 26. Bxh8 b4 27. Qg7 bxa3 28. Qg8+ Kd7 29. Qxf7+ Kc6 30. Qe8+ Kc5 31. Bd4# 1-0

[Event "COL-ch U16"]
[Site "Cartagena"]
[Date "2018.05.19"]
[Round "8"]
[White "Martinez, Cristian Camilo"]
[Black "Arciniegas Castro, Santiago"]
[Result "1/2-1/2"]
[WhiteElo "1890"]
[BlackElo "1894"]
[PlyCount "62"]
[EventDate "2018.05.15"]
[EventType "k.o."]
[EventRounds "9"]
[EventCountry "COL"]
[SourceTitle "CBM 184 Extra"]
[Source "ChessBase"]
[SourceDate "2018.06.28"]
[SourceVersion "1"]
[SourceVersionDate "2018.06.28"]
[SourceQuality "1"]

1. e4 e6 2. d4 d5 3. Nd2 Nf6 4. e5 Nfd7 5. Bd3 c5 6. c3 Nc6 7. Ndf3 cxd4 8. cxd4 f6 9. exf6 Nxf6 10. Nh3 Bb4+ 11. Bd2 Bxd2+ 12. Qxd2 0-0 13. 0-0 e5 14. dxe5 Ne4 15. Qe3 Bxh3 16. gxh3 Qd7 17. Bxe4 dxe4 18. Qxe4 Qf5 19. Qxf5 Rxf5 20. Nh4 Rxe5 21. Rfe1 Rae8 22. Nf3 R5e6 23. Rxe6 Rxe6 24. Re1 Rg6+ 25. Kf1 Kf7 26. h4 h6 27. Rc1 Rf6 28. Kg2 Rg6+ 29. Kf1 Rf6 30. Kg2 Rg6+ 31. Kf1 Rf6 1/2-1/2

[Event "Uni De Paula Santander op 3rd"]
[Site "Ocana"]
[Date "2017.09.30"]
[Round "3"]
[White "Palencia Morales, Wilson Guillermo"]
[Black "Arciniegas Castro, Santiago"]
[Result "1-0"]
[WhiteElo "2320"]
[BlackElo "1700"]
[PlyCount "99"]
[EventDate "2017.09.29"]
[EventType "swiss"]
[EventRounds "7"]
[EventCountry "COL"]
[SourceTitle "CBM 181 Extra"]
[Source "ChessBase"]
[SourceDate "2017.12.12"]
[SourceVersion "1"]
[SourceVersionDate "2017.12.12"]
[SourceQuality "1"]

1. d4 Nf6 2. Nc3 d5 3. Bg5 e6 4. e4 dxe4 5. Nxe4 Nbd7 6. Nf3 h6 7. Bxf6 Nxf6 8. Bd3 Be7 9. Qe2 Nd5 10. g3 a6 11. 0-0 b6 12. a3 Bb7 13. c4 Nf6 14. Nxf6+ Bxf6 15. Rad1 0-0 16. Ne5 Bxe5 17. dxe5 Qe7 18. Rd2 Rfd8 19. Rfd1 g6 20. Qe3 Kg7 21. Be2 a5 22. Qf4 Rxd2 23. Rxd2 Qg5 24. Qxg5 hxg5 25. Bf1 Kf8 26. Bg2 Bxg2 27. Kxg2 Ke7 28. h3 a4 29. Kf3 Ra5 30. Ke4 Rc5 31. Kd4 f6 32. exf6+ Kxf6 33. Kc3 Kf5 34. f3 c6 35. Rd6 b5 36. Rd4 e5 37. Re4 Rxc4+ 38. Rxc4 bxc4 39. Kb4 e4 40. g4+ Kf4 41. fxe4 Kxe4 42. Kxa4 Kf3 43. Kb4 Kg3 44. a4 Kxh3 45. a5 Kxg4 46. a6 Kh3 47. a7 g4 48. a8Q g3 49. Qxc6 g2 50. Qxg6 1-0